Nennen Sie die letzten 20 Formel-1-Weltmeister - Statistiken

Allgemein
  • Dieses Quiz wurde 139 mal gespielt
  • Das Durchschnittsergebnis liegt bei 12 aus 20
Antwortstatistiken
Hint Antwort % Korrekt
2024 Max Verstappen
97%
Lewis Hamilton
96%
Michael Schumacher
91%
Sebastian Vettel
91%
Nico Rosberg
86%
Fernando Alonso
80%
Kimi Räikkönen
75%
Ayrton Senna
68%
Niki Lauda
64%
Alain Prost
63%
Mika Häkkinen
59%
Jenson Button
55%
Damon Hill
50%
Nelson Piquet
44%
Nigel Mansell
44%
Keke Rosberg
41%
Jacques Villeneuve
38%
Jody Scheckter
24%
Alan Jones
22%
1978 Mario Andretti
18%
Keine übereinstimmenden Quizze gefunden
Verteilung der Resultate
Anzahl Personen mit jedem Resultat
Perzentil nach korrekt beantworteten Fragen
Ihre Resultats-Entwicklung
Sie haben dieses Quiz noch nicht gespielt